LEADER 05417oam 2200721I 450 001 9910457702703321 005 20200520144314.0 010 $a1-136-44575-7 010 $a0-203-12457-X 024 7 $a10.4324/9780203124574 035 $a(CKB)2550000000096394 035 $a(EBL)956902 035 $a(OCoLC)798532429 035 $a(SSID)ssj0000678440 035 $a(PQKBManifestationID)11365625 035 $a(PQKBTitleCode)TC0000678440 035 $a(PQKBWorkID)10727036 035 $a(PQKB)11343514 035 $a(MiAaPQ)EBC956902 035 $a(Au-PeEL)EBL956902 035 $a(CaPaEBR)ebr10545421 035 $a(CaONFJC)MIL761239 035 $a(OCoLC)787851081 035 $a(EXLCZ)992550000000096394 100 $a20180706d2012 uy 0 101 0 $aeng 135 $aur|n|---||||| 181 $ctxt 182 $cc 183 $acr 200 00$aMuseum making $enarratives, architectures, exhibitions /$fedited by Suzanne MacLeod, Laura Hourston Hanks and Jonathan Hale 205 $a1st ed. 210 1$aAbingdon, Oxon [England] ;$aNew York, N.Y. :$cRoutledge,$d2012. 215 $a1 online resource (357 p.) 225 1 $aMuseum meanings 300 $aDescription based upon print version of record. 311 $a0-415-67603-7 311 $a0-415-67602-9 320 $aIncludes bibliographical references and index. 327 $aFront Cover; Museum Making; Copyright Page; Contents; List of illustrations; List of contributors; Acknowledgements; Introduction: Museum making: the place of narrative: Laura Hourston Hanks, Jonathan Hale and Suzanne MacLeod; Part I: Narrative, space, identity; Introduction; 1. Imaginary museums: what mainstream museums can learn from them: Rachel Morris; 2. Staging exhibitions: atmospheres of imagination: Greer Crawley; 3. Writing spatial stories: textual narratives in the museum: Laura Hourston Hanks 327 $a4. Athens, London or Bilbao? Contested narratives of display in the Parthenon galleries of the British Museum: Christopher R. Marshall5. This magical place: the making of Yorkshire Sculpture Park and the politics of landscape, art and narrative: Suzanne MacLeod; 6. Narrative space: three post-apartheid museums reconsidered: Nic Coetzer; 7. The museum as narrative witness: heritage performance and the production of narrative space: Jenny Kidd; 8. Beyond narrative: designing epiphanies: Lee H. Skolnick; 9. Place, time and memory: Stephen Greenberg; Part II: Narrative, perception, embodiment 327 $aIntroduction10. Scales of narrativity: Tricia Austin; 11. City as museum, museum as city: mediating the everyday and special narratives of life: Dorian Wiszniewski; 12. Narrative transformations and the architectural artefact: Stephen Alexander Wischer; 13. Architecture for the nation's memory: history, art, and the halls of Norway's national gallery: Mattias Ekman; 14. Arsenic, wells and herring curing: making new meanings in an old fish factory: Sheila Watson, Rachel Kirk and James Steward; 15. Accessing Estonian memories: building narratives through game form: Candice Hiu-Lam Lau 327 $a16. Narrative landscapes: James Furse-Roberts17. Narrative environments and the paradigm of embodiment: Jonathan Hale; Part III: Narrative, media, mediation; Introduction; 18. Narrative space: The Book of Lies: Paola Zellner; 19. Productive exhibitions: looking backwards to go forward: Florian Kossak; 20. Incomplete stories: Annabel Fraser and Hannah Coulson; 21. In the museum's ruins: staging the passage of time: Michaela Giebelhausen; 22. Meaningful encounters with disrupted narratives: artists' interventions as interpretive strategies: Claire Robins and Miranda Baxter 327 $a23. Where do you want the label? The roles and possibilities of exhibition graphics: Jona Piehl and Suzanne MacLeod24. The narrative of technology: understanding the effect of New Media artwork in the museum: Peter Ride; 25. The thick present: architecture, narration and film: Samantha L. Martin-McAuliffe and Nathalie Weadick; 26. A narrative journey: creating storytelling environments with architecture and digital media: Tom Duncan and Noel McCauley; Select bibliography; Index 330 $aOver recent decades, many museums, galleries and historic sites around the world have enjoyed an unprecedented level of large-scale investment in their capital infrastructure, in building refurbishments and new gallery displays. This period has also seen the creation of countless new purpose-built museums and galleries, suggesting a fundamental re-evaluation of the processes of designing and shaping of museums.Museum Making: Narratives, Architectures, Exhibitions examines this re-making by exploring the inherently spatial character of narrative in the museum and its potentia 410 0$aMuseum meanings. 517 3 $aNarratives, architectures, exhibitions 606 $aMuseum architecture 606 $aCommunication in architecture 608 $aElectronic books. 615 0$aMuseum architecture. 615 0$aCommunication in architecture. 676 $a727/.6 701 $aHale$b Jonathan$0981126 701 $aHourston Hanks$b Laura$0981127 701 $aMacleod$b Suzanne$0310051 801 0$bMiAaPQ 801 1$bMiAaPQ 801 2$bMiAaPQ 906 $aBOOK 912 $a9910457702703321 996 $aMuseum making$92239346 997 $aUNINA LEADER 03233nam 22007455 450 001 9910484684103321 005 20251204104348.0 010 $a3-662-53922-5 024 7 $a10.1007/978-3-662-53922-4 035 $a(CKB)4100000001795296 035 $a(DE-He213)978-3-662-53922-4 035 $a(MiAaPQ)EBC5217725 035 $a(PPN)223953342 035 $a(EXLCZ)994100000001795296 100 $a20180111d2017 u| 0 101 0 $ager 135 $aurnn|008mamaa 181 $ctxt$2rdacontent 182 $cc$2rdamedia 183 $acr$2rdacarrier 200 10$aAnimation $eGrundlagen - 2D-Animation - 3D-Animation /$fvon Peter Bühler, Patrick Schlaich, Dominik Sinner 205 $a1st ed. 2017. 210 1$aBerlin, Heidelberg :$cSpringer Berlin Heidelberg :$cImprint: Springer Vieweg,$d2017. 215 $a1 online resource (IX, 97 S. 20 Abb.) 225 1 $aBibliothek der Mediengestaltung,$x2520-1069 311 08$a3-662-53921-7 320 $aIncludes bibliographical references and index. 327 $aVorwort -- Einleitung -- Grundlagen -- 2D-Animation -- 3D-Animation -- Index. . 330 $aDieser Band der ?Bibliothek der Mediengestaltung?  behandelt die Prinzipien der Animation und führt in die grundlegenden Techniken zur Erstellung von 2D- und 3D-Animationen ein. Für diese Bibliothek wurden die Themen des Kompendiums der Mediengestaltung neu strukturiert, vollständig überarbeitet und in ein handliches Format gebracht. Leitlinien waren hierbei die Anpassung an die Entwicklungen in der Werbe- und Medienbranche sowie die Berücksichtigung der aktuellen Rahmenpläne und Studienordnungen sowie Prüfungsanforderungen der Ausbildungs- und Studiengänge. Die Bände der ?Bibliothek der Mediengestaltung? enthalten zahlreiche praxisorientierte Aufgaben mit Musterlösungen und eignen sich als Lehr- und Arbeitsbücher an Schulen und Hochschulen sowie zum Selbststudium. 410 0$aBibliothek der Mediengestaltung,$x2520-1069 606 $aInteractive multimedia 606 $aMultimedia systems 606 $aPrinting 606 $aPublishers and publishing 606 $aGraphic arts 606 $aArt$xStudy and teaching 606 $aArts 606 $aMedia Design 606 $aPrinting and Publishing 606 $aGraphic Design 606 $aCreativity and Arts Education 606 $aArts 615 0$aInteractive multimedia. 615 0$aMultimedia systems. 615 0$aPrinting. 615 0$aPublishers and publishing. 615 0$aGraphic arts. 615 0$aArt$xStudy and teaching. 615 0$aArts. 615 14$aMedia Design. 615 24$aPrinting and Publishing. 615 24$aGraphic Design. 615 24$aCreativity and Arts Education. 615 24$aArts. 676 $a006.696 700 $aBühler$b Peter$4aut$4http://id.loc.gov/vocabulary/relators/aut$01224740 702 $aSchlaich$b Patrick$4aut$4http://id.loc.gov/vocabulary/relators/aut 702 $aSinner$b Dominik$4aut$4http://id.loc.gov/vocabulary/relators/aut 801 0$bMiAaPQ 801 1$bMiAaPQ 801 2$bMiAaPQ 906 $aBOOK 912 $a9910484684103321 996 $aAnimation$92852476 997 $aUNINA